[Event "26. Copenhagen Open  (Politiken Cup)"]
[Site "Taastrup"]
[Date "2004.07.29"]
[Round "7"]
[White "Olsen, Peter Erik"]
[Black "Skjoldager, Flemming"]
[Result "1-0"]
[WhiteElo "2243"]
[BlackElo "2088"]
[PlyCount "39"]
[EventDate "2004.07.24"]
[EventType "swiss"]
[EventRounds "10"]
[EventCountry "DEN"]
[SourceDate "2004.01.01"]

1. d4 Nf6 2. c4 e6 3. Nf3 d5 4. Nc3 Nbd7 5. Bg5 c6 6. e3 Qa5 7. Nd2 Bb4 8. Qc2
dxc4 9. Bxf6 Nxf6 10. Bxc4 Nd5 11. Rc1 O-O 12. O-O Nxc3 13. bxc3 Ba3 14. Rb1 b6
15. Bd3 h6 16. Nc4 Qa6 17. Nxb6 Qxb6 18. Rxb6 axb6 19. Qb3 Ba6 20. c4 1-0

[Event "26. Copenhagen Open  (Politiken Cup)"]
[Site "Taastrup"]
[Date "2004.07.29"]
[Round "7"]
[White "Olsson, Tomas"]
[Black "Baark, Mathias"]
[Result "1-0"]
[WhiteElo "2099"]
[BlackElo "1811"]
[PlyCount "69"]
[EventDate "2004.07.24"]
[EventType "swiss"]
[EventRounds "10"]
[EventCountry "DEN"]
[SourceDate "2004.01.01"]

1. e4 d5 2. exd5 Qxd5 3. Nc3 Qa5 4. d4 Nf6 5. Nf3 c6 6. Bc4 Bf5 7. O-O e6 8.
Re1 Bb4 9. Bd2 O-O 10. a3 Bxc3 11. Bxc3 Qc7 12. Nh4 Be4 13. Bf1 Nbd7 14. f3 Bd5
15. Qd2 Rfd8 16. b3 Rac8 17. Bb2 c5 18. c4 Bc6 19. d5 exd5 20. Nf5 d4 21. Qg5
g6 22. Ne7+ Kg7 23. Bc1 Ra8 24. Bf4 Qb6 25. Bd3 Ng8 26. Bxg6 fxg6 27. Nf5+ Kf7
28. Re7+ Kf8 29. Bd6 Ndf6 30. Rae1 Rxd6 31. Nxd6 Be8 32. R7e6 h6 33. Rxf6+ Kg7
34. Nxe8+ Rxe8 35. Qxg6+ 1-0

[Event "26. Copenhagen Open  (Politiken Cup)"]
[Site "Taastrup"]
[Date "2004.07.29"]
[Round "7"]
[White "Pedersen, Audun"]
[Black "Forsmann, Henning"]
[Result "1-0"]
[WhiteElo "2034"]
[BlackElo "1641"]
[PlyCount "119"]
[EventDate "2004.07.24"]
[EventType "swiss"]
[EventRounds "10"]
[EventCountry "DEN"]
[SourceDate "2004.01.01"]

1. d4 Nf6 2. c4 e6 3. Nf3 Bb4+ 4. Bd2 Be7 5. Nc3 d5 6. Bg5 O-O 7. e3 b6 8. Rc1
Bb7 9. Bxf6 Bxf6 10. cxd5 exd5 11. Qb3 a6 12. Be2 c6 13. O-O Nd7 14. Na4 Rb8
15. Rfd1 g6 16. Qd3 Re8 17. b4 Bg7 18. Nd2 Bf8 19. a3 Bd6 20. e4 dxe4 21. Nxe4
Bc7 22. Bf3 Nf6 23. Nxf6+ Qxf6 24. d5 Rbd8 25. Qb3 Qe5 26. g3 cxd5 27. Nc3 Re6
28. Bxd5 Bxd5 29. Nxd5 Rc8 30. Qc2 Ree8 31. Nxc7 Re7 32. Qd3 Rexc7 33. Rxc7
Rxc7 34. Qxa6 Rc2 35. Qxb6 Qe2 36. Qd8+ Kg7 37. Qd4+ Kh6 38. Qe3+ Qxe3 39. fxe3
Rc3 40. Ra1 Rxe3 41. Ra2 Rb3 42. Kf2 g5 43. g4 Kg6 44. Ke2 h5 45. gxh5+ Kxh5
46. Kd2 f5 47. Kc2 Re3 48. b5 f4 49. Kd2 Kh4 50. a4 Re8 51. b6 f3 52. Kd3 g4
53. a5 g3 54. hxg3+ Kxg3 55. a6 Rd8+ 56. Kc4 Rf8 57. a7 f2 58. Rxf2 Kxf2 59. b7
Rf4+ 60. Kd5 1-0

[Event "26. Copenhagen Open  (Politiken Cup)"]
[Site "Taastrup"]
[Date "2004.07.29"]
[Round "7"]
[White "Pedersen, Gunnar"]
[Black "Ramme, Christoph"]
[Result "1-0"]
[WhiteElo "2251"]
[BlackElo "2089"]
[PlyCount "79"]
[EventDate "2004.07.24"]
[EventType "swiss"]
[EventRounds "10"]
[EventCountry "DEN"]
[SourceDate "2004.01.01"]

1. d4 Nf6 2. Nf3 g6 3. Bf4 Bg7 4. e3 d6 5. h3 O-O 6. c4 Nbd7 7. Nc3 c6 8. Be2
a6 9. O-O b5 10. a3 Nb6 11. b3 bxc4 12. bxc4 Be6 13. Nd2 Re8 14. Rb1 c5 15. d5
Bd7 16. Qc2 Qc7 17. e4 Reb8 18. Bh2 Nc8 19. f4 h5 20. e5 Rxb1 21. Ndxb1 Bf5 22.
Bd3 Bxd3 23. Qxd3 Nd7 24. e6 Nf6 25. exf7+ Kxf7 26. Nd2 Rb8 27. Nce4 Nxe4 28.
Nxe4 Bd4+ 29. Kh1 Qa5 30. Ng5+ Ke8 31. Qxg6+ Kd7 32. Ne6 Rb2 33. Qf5 Ke8 34.
Nxd4 cxd4 35. Qxc8+ Kf7 36. Qf5+ Kg7 37. Qg5+ Kf8 38. Qh6+ Kg8 39. Qg6+ Kf8 40.
f5 1-0

[Event "26. Copenhagen Open  (Politiken Cup)"]
[Site "Taastrup"]
[Date "2004.07.29"]
[Round "7"]
[White "Pedersen, Kaj Vinding"]
[Black "Onstad, Lars H"]
[Result "0-1"]
[WhiteElo "1496"]
[BlackElo "1778"]
[PlyCount "102"]
[EventDate "2004.07.24"]
[EventType "swiss"]
[EventRounds "10"]
[EventCountry "DEN"]
[SourceDate "2004.01.01"]

1. d4 Nf6 2. Nf3 e6 3. g3 b6 4. Bg2 Bb7 5. O-O d5 6. Bg5 Be7 7. Nbd2 Nbd7 8.
Ne5 h6 9. Nxd7 Qxd7 10. Bxf6 Bxf6 11. c3 c5 12. dxc5 bxc5 13. Nb3 Rc8 14. Re1
c4 15. Nd4 e5 16. Nc2 O-O 17. e4 Rfd8 18. exd5 Bxd5 19. Bxd5 Qxd5 20. Qxd5 Rxd5
21. Rad1 Rb5 22. Rb1 Rcb8 23. Ne3 Rxb2 24. Rxb2 Rxb2 25. a3 Rb3 26. Nxc4 Rxc3
27. Re4 g6 28. a4 Rc1+ 29. Kg2 Ra1 30. Na5 Bd8 31. Nc6 Bb6 32. Nxe5 Ra2 33. Nd3
Rd2 34. Nb4 Rxf2+ 35. Kh3 Rd2 36. Re1 Rd4 37. Nc6 Rxa4 38. Nxa7 Rxa7 39. Re2
Kg7 40. g4 Ra3+ 41. Kg2 Bc7 42. Rc2 Be5 43. Re2 Kf6 44. Rf2+ Kg5 45. Rxf7 Ra2+
46. Kf3 Bxh2 47. Rb7 Ra3+ 48. Kg2 Bf4 49. Rg7 Rg3+ 50. Kf2 Rxg4 51. Kf3 Rg3+
0-1

[Event "26. Copenhagen Open  (Politiken Cup)"]
[Site "Taastrup"]
[Date "2004.07.29"]
[Round "7"]
[White "Pedersen, Steen Guldager"]
[Black "Vuilleumier, Alex"]
[Result "0-1"]
[WhiteElo "1954"]
[BlackElo "2259"]
[PlyCount "50"]
[EventDate "2004.07.24"]
[EventType "swiss"]
[EventRounds "10"]
[EventCountry "DEN"]
[SourceDate "2004.01.01"]

1. e4 c5 2. Nf3 d6 3. d4 cxd4 4. Nxd4 Nf6 5. Nc3 a6 6. Bg5 e6 7. f4 Qc7 8. Qf3
Be7 9. O-O-O Bd7 10. f5 Nc6 11. fxe6 fxe6 12. Nxc6 bxc6 13. e5 dxe5 14. Bxf6
Bxf6 15. Bd3 Rd8 16. Qh5+ Ke7 17. Ne4 Be8 18. Qg4 Bg6 19. Ng5 Bxd3 20. Qxe6+
Kf8 21. Rhf1 Bxf1 22. Rxd8+ Bxd8 23. Qf5+ Ke8 24. Qe6+ Qe7 25. Qxc6+ Qd7 0-1

[Event "26. Copenhagen Open  (Politiken Cup)"]
[Site "Taastrup"]
[Date "2004.07.29"]
[Round "7"]
[White "Peschardt, Soren"]
[Black "Holm, Sejer"]
[Result "1-0"]
[WhiteElo "2200"]
[BlackElo "2296"]
[PlyCount "111"]
[EventDate "2004.07.24"]
[EventType "swiss"]
[EventRounds "10"]
[EventCountry "DEN"]
[SourceDate "2004.01.01"]

1. d4 d5 2. f4 Nf6 3. Nf3 g6 4. e3 Bg7 5. Bd3 O-O 6. O-O c5 7. c3 b6 8. Qe2 Bb7
9. Nbd2 Nbd7 10. b3 Ne4 11. Bxe4 dxe4 12. Ng5 Nf6 13. Bb2 h6 14. Nh3 Ne8 15.
Rfd1 Nd6 16. Nf1 c4 17. Nf2 f5 18. a4 cxb3 19. Ba3 Rc8 20. Bxd6 exd6 21. Qb2
Bd5 22. Nd2 Qc7 23. Rdc1 Qf7 24. Ra3 g5 25. Nh3 g4 26. Nf2 Rc7 27. Nxb3 Bxb3
28. Qxb3 Rfc8 29. Nd1 Bf8 30. a5 d5 31. Ra4 Rb8 32. axb6 axb6 33. Qb5 Qe6 34.
Ra6 Rc6 35. Nb2 Rbc8 36. Na4 Rb8 37. Kf2 Be7 38. Ke2 Bd8 39. Nb2 Qd6 40. c4
Rbc8 41. Ra7 R8c7 42. Rxc7 Rxc7 43. c5 bxc5 44. Rxc5 Rxc5 45. dxc5 Qf6 46. c6
Kg7 47. Qb7+ Kg6 48. Nd1 Qa1 49. c7 Qa2+ 50. Nb2 Bxc7 51. Qc6+ Kh5 52. Qe8+ Kh4
53. Qe7+ Kh5 54. Qf7+ Kh4 55. Qf6+ Kh5 56. g3 1-0

[Event "26. Copenhagen Open  (Politiken Cup)"]
[Site "Taastrup"]
[Date "2004.07.29"]
[Round "7"]
[White "Petersen, Peter Birk"]
[Black "Cech, Pavel"]
[Result "0-1"]
[WhiteElo "2214"]
[BlackElo "2404"]
[PlyCount "82"]
[EventDate "2004.07.24"]
[EventType "swiss"]
[EventRounds "10"]
[EventCountry "DEN"]
[SourceDate "2004.01.01"]

1. e4 e6 2. d4 d5 3. Nd2 Nf6 4. e5 Nfd7 5. Bd3 c5 6. c3 Nc6 7. Ne2 cxd4 8. cxd4
f6 9. exf6 Nxf6 10. Nf3 Bd6 11. O-O Qc7 12. Nc3 a6 13. Bg5 O-O 14. Bh4 Nh5 15.
Bg3 Nxg3 16. hxg3 g6 17. Qd2 Qg7 18. Bc2 Bd7 19. Rad1 Rae8 20. Rfe1 Re7 21. a3
h6 22. b4 b5 23. Na2 g5 24. Nc1 Be8 25. Nb3 Bh5 26. Qc3 Nd8 27. Rd2 Bxf3 28.
gxf3 h5 29. Kg2 Ref7 30. Bd1 h4 31. Nc5 Qf6 32. Qe3 Rg7 33. Qb3 hxg3 34. fxg3
Bxg3 35. Rxe6 Nxe6 36. Qxd5 Rh7 37. Nxe6 Rh2+ 38. Kxg3 Rxd2 39. Bb3 Kh8 40. Qe4
Re8 41. Qg4 Qh6 0-1

[Event "26. Copenhagen Open  (Politiken Cup)"]
[Site "Taastrup"]
[Date "2004.07.29"]
[Round "7"]
[White "Rasmussen, Karsten"]
[Black "Malmdin, Nils Ake"]
[Result "1/2-1/2"]
[WhiteElo "2470"]
[BlackElo "2187"]
[PlyCount "80"]
[EventDate "2004.07.24"]
[EventType "swiss"]
[EventRounds "10"]
[EventCountry "DEN"]
[SourceDate "2004.01.01"]

1. c4 e5 2. g3 Nc6 3. Bg2 g6 4. Nc3 Bg7 5. e3 Nh6 6. Rb1 a5 7. a3 O-O 8. Nge2
d6 9. b4 axb4 10. axb4 Nf5 11. O-O Be6 12. d3 Nfe7 13. Nd5 Bxd5 14. cxd5 Nb8
15. Qb3 Nd7 16. Bb2 c6 17. Nc3 Qb6 18. Rfc1 Nc5 19. Qd1 Qxb4 20. Ba1 Qa5 21. d4
exd4 22. exd4 Na4 23. Rxb7 Nxd5 24. Nxd5 cxd5 25. Qb3 Qd2 26. Rd1 Nc5 27. dxc5
Rxa1 28. Rxa1 Bxa1 29. Bxd5 Bd4 30. Bxf7+ Kh8 31. Qf3 dxc5 32. Kg2 Qxf2+ 33.
Qxf2 Bxf2 34. h4 Bd4 35. g4 Rc8 36. Bc4 Be5 37. g5 Rf8 38. Re7 Bd4 39. Kh3 Bg7
40. Rc7 Bd4 1/2-1/2

[Event "26. Copenhagen Open  (Politiken Cup)"]
[Site "Taastrup"]
[Date "2004.07.29"]
[Round "7"]
[White "Refsgaard, Kaj"]
[Black "Bronnum, Jan"]
[Result "0-1"]
[WhiteElo "1493"]
[BlackElo "2202"]
[PlyCount "68"]
[EventDate "2004.07.24"]
[EventType "swiss"]
[EventRounds "10"]
[EventCountry "DEN"]
[SourceDate "2004.01.01"]

1. d4 d5 2. c4 e6 3. Nf3 Nf6 4. Bg5 Nbd7 5. e3 Bb4+ 6. Nbd2 O-O 7. cxd5 exd5 8.
Bd3 h6 9. Bh4 c5 10. O-O c4 11. Be2 Be7 12. Qc2 b5 13. a4 b4 14. e4 b3 15. Qb1
dxe4 16. Nxe4 Bb7 17. Nxf6+ Bxf6 18. Bxf6 Qxf6 19. Qd1 Rac8 20. Rc1 Bd5 21. Rc3
Nb6 22. Ne5 Nxa4 23. Nd7 Qc6 24. Nxf8 Nxc3 25. bxc3 Kxf8 26. g3 Re8 27. f4 b2
28. Qd2 Qe6 29. Bh5 Qf5 30. Qxb2 Qxh5 31. Qb4+ Kg8 32. Qb5 Re2 33. Rf2 Re1+ 34.
Rf1 Qh3 0-1

[Event "26. Copenhagen Open  (Politiken Cup)"]
[Site "Taastrup"]
[Date "2004.07.29"]
[Round "7"]
[White "Reppen, Ellisiv"]
[Black "Serrano, Jose Manuel Garcia"]
[Result "1/2-1/2"]
[WhiteElo "1668"]
[BlackElo "1988"]
[PlyCount "37"]
[EventDate "2004.07.24"]
[EventType "swiss"]
[EventRounds "10"]
[EventCountry "DEN"]
[SourceDate "2004.01.01"]

1. e4 e5 2. Nf3 Nc6 3. Nc3 Nf6 4. a3 a6 5. d4 exd4 6. Nxd4 Bc5 7. Nxc6 bxc6 8.
Bc4 d6 9. h3 h6 10. O-O O-O 11. Qf3 Be6 12. Bd3 Bd4 13. Bd2 d5 14. Rad1 Qd6 15.
Bf4 Be5 16. Bxe5 Qxe5 17. exd5 cxd5 18. Rfe1 Qd6 19. Ne2 1/2-1/2

[Event "26. Copenhagen Open  (Politiken Cup)"]
[Site "Taastrup"]
[Date "2004.07.29"]
[Round "7"]
[White "Ringsborg, Allan"]
[Black "Andersen, Rune"]
[Result "0-1"]
[WhiteElo "1747"]
[BlackElo "2042"]
[PlyCount "116"]
[EventDate "2004.07.24"]
[EventType "swiss"]
[EventRounds "10"]
[EventCountry "DEN"]
[SourceDate "2004.01.01"]

1. Nf3 Nf6 2. c4 c6 3. b3 d5 4. e3 g6 5. Bb2 Bg7 6. cxd5 cxd5 7. d4 Nc6 8. a3
O-O 9. h3 Bf5 10. Bd3 Qd7 11. Nc3 Rac8 12. Ne5 Qe6 13. Ne2 Bxd3 14. Qxd3 Ne4
15. Nf4 Qd6 16. Nf3 Rc7 17. Nd2 Nxd2 18. Qxd2 Rfc8 19. O-O b6 20. b4 a5 21.
Rfc1 axb4 22. axb4 h6 23. Nd3 Kh7 24. Ba3 Qd7 25. Bb2 e6 26. Ne5 Nxe5 27. dxe5
Rc4 28. Bd4 Bf8 29. Bxb6 Bxb4 30. Qd1 Qc6 31. Rxc4 dxc4 32. Qd4 Bc5 33. Bxc5
Qxc5 34. Qxc5 Rxc5 35. Rc1 g5 36. g4 Kg6 37. Kg2 f5 38. f3 Rxe5 39. gxf5+ exf5
40. Rxc4 Rxe3 41. h4 gxh4 42. Rxh4 Kg5 43. Rb4 h5 44. Rb8 Re2+ 45. Kf1 Ra2 46.
Rb4 h4 47. Rc4 h3 48. Kg1 Rg2+ 49. Kh1 Rg3 50. f4+ Kg4 51. Ra4 Rf3 52. Kh2 Rf2+
53. Kg1 Rxf4 54. Ra8 Kg3 55. Rg8+ Rg4 56. Rc8 f4 57. Rc3+ f3 58. Kh1 Re4 0-1

[Event "26. Copenhagen Open  (Politiken Cup)"]
[Site "Taastrup"]
[Date "2004.07.29"]
[Round "7"]
[White "Romsdal, Trond"]
[Black "Dannevig, Oystein"]
[Result "0-1"]
[WhiteElo "2212"]
[BlackElo "2363"]
[PlyCount "138"]
[EventDate "2004.07.24"]
[EventType "swiss"]
[EventRounds "10"]
[EventCountry "DEN"]
[SourceDate "2004.01.01"]

1. d4 Nf6 2. Nf3 c5 3. c4 cxd4 4. Nxd4 e6 5. Nc3 Nc6 6. e3 Bb4 7. Bd2 O-O 8.
Be2 d5 9. cxd5 Nxd4 10. exd4 Bxc3 11. bxc3 exd5 12. O-O Qc7 13. Bd3 Ng4 14. g3
Nf6 15. Qc2 Bh3 16. Rfe1 Rae8 17. f3 h6 18. Bf4 Qc6 19. Rab1 Rxe1+ 20. Rxe1 Rc8
21. Bd2 Be6 22. Qb3 Ne8 23. Bb1 Nd6 24. Bf4 Nf5 25. Re5 Ne7 26. Bd2 Qd7 27. Kf2
f6 28. Re2 Bf7 29. Qa3 Nc6 30. Bd3 a6 31. Bf4 g5 32. Bd2 Kg7 33. f4 Bh5 34. Re1
Bg6 35. Bxg6 Kxg6 36. fxg5 hxg5 37. Kg1 Re8 38. Qc1 Rxe1+ 39. Qxe1 Na5 40. Kg2
Nc4 41. Bc1 Kf7 42. Qe2 Qf5 43. h4 Qb1 44. Qh5+ Qg6 45. Qf3 Qc2+ 46. Kh3 Ke6
47. Qg4+ Ke7 48. Bxg5 fxg5 49. Qxg5+ Ke6 50. Qg8+ Kd7 51. Qf7+ Kc6 52. Qe8+ Kb6
53. Qd8+ Ka7 54. Qxd5 Qxa2 55. h5 Qe2 56. Qc5+ Kb8 57. Qf8+ Kc7 58. h6 Qh5+ 59.
Kg2 Ne3+ 60. Kf2 Ng4+ 61. Ke1 Nxh6 62. Kd2 Qg5+ 63. Kd1 a5 64. Qh8 Nf7 65. Qh7
Qf6 66. Kc2 Kb6 67. Kb2 Nd6 68. Qd7 Qf2+ 69. Kb3 Qf7+ 0-1

[Event "26. Copenhagen Open  (Politiken Cup)"]
[Site "Taastrup"]
[Date "2004.07.29"]
[Round "7"]
[White "Sammalvuo, Niina"]
[Black "Johannessen, Leif Erlend"]
[Result "0-1"]
[WhiteElo "2268"]
[BlackElo "2538"]
[PlyCount "102"]
[EventDate "2004.07.24"]
[EventType "swiss"]
[EventRounds "10"]
[EventCountry "DEN"]
[SourceDate "2004.01.01"]

1. e4 c6 2. d3 d5 3. Nd2 e5 4. Ngf3 Bd6 5. g3 Nf6 6. Bg2 O-O 7. O-O Re8 8. Re1
Nbd7 9. c3 a5 10. d4 exd4 11. Nxd4 dxe4 12. Nxe4 Nxe4 13. Rxe4 Rxe4 14. Bxe4
Nf6 15. Bg2 Bg4 16. Qc2 Qd7 17. Bg5 Nd5 18. Re1 Bc5 19. Nb3 Bb6 20. Qe4 h6 21.
c4 Nb4 22. c5 Nd3 23. Ra1 Nxc5 24. Nxc5 Bxc5 25. Bf4 Re8 26. Qc4 Ba7 27. Qc3 a4
28. Be3 Bxe3 29. fxe3 Qe6 30. e4 Qe5 31. Qxe5 Rxe5 32. Rc1 Kf8 33. Kf2 Ke7 34.
Ke3 Rb5 35. Rc2 Be6 36. a3 Kd6 37. Bf1 Rb3+ 38. Bd3 c5 39. Kd2 b6 40. Bf1 Ke5
41. Bg2 g5 42. Kc1 Rd3 43. Rf2 Bb3 44. Bf3 Rd4 45. Rg2 b5 46. Rf2 b4 47. Rg2
Rd3 48. Rf2 Be6 49. Kc2 Kd4 50. Be2 Bb3+ 51. Kc1 bxa3 0-1

[Event "26. Copenhagen Open  (Politiken Cup)"]
[Site "Taastrup"]
[Date "2004.07.29"]
[Round "7"]
[White "Sammalvuo, Tapani"]
[Black "Moen, Andreas"]
[Result "1-0"]
[WhiteElo "2445"]
[BlackElo "2267"]
[PlyCount "163"]
[EventDate "2004.07.24"]
[EventType "swiss"]
[EventRounds "10"]
[EventCountry "DEN"]
[SourceDate "2004.01.01"]

1. e4 e5 2. Nf3 Nf6 3. Nxe5 d6 4. Nf3 Nxe4 5. d4 d5 6. Bd3 Be7 7. O-O Nc6 8. c4
Nb4 9. Be2 O-O 10. Nc3 Be6 11. Ne5 f6 12. Nf3 Kh8 13. Qb3 b6 14. cxd5 Nxc3 15.
bxc3 Bxd5 16. Qa4 Bc6 17. Qb3 Bd5 18. Qb1 Nc6 19. Nh4 Rb8 20. Bd3 Bg8 21. Re1
Bd6 22. Qb5 Ne7 23. Qh5 g5 24. Nf3 Qe8 25. Qg4 Qf7 26. c4 Rbe8 27. c5 h5 28.
Qd7 Rd8 29. Qb5 c6 30. cxd6 cxb5 31. dxe7 g4 32. exf8=Q Rxf8 33. Nh4 Bh7 34.
Bxb5 Qd5 35. a4 Qxd4 36. Ba3 Rd8 37. Be7 Rc8 38. Rad1 Qc3 39. Re6 Qb3 40. Bxf6+
Kg8 41. Rde1 Qxe6 42. Rxe6 Rc1+ 43. Bf1 Bd3 44. h3 Rxf1+ 45. Kh2 Rxf2 46. hxg4
hxg4 47. Bg5 Bc2 48. Kg3 Rf7 49. a5 bxa5 50. Ra6 a4 51. Kxg4 Rc7 52. Bf4 Bd1+
53. Kf5 Bc2+ 54. Ke5 Rb7 55. g3 Rb3 56. Kd5 a3 57. Rxa7 Rd3+ 58. Kc4 Bb1 59.
Nf5 a2 60. Nh6+ Kf8 61. Rxa2 Bxa2+ 62. Kxd3 Be6 63. Ke4 Kg7 64. Ke5 Bh3 65. g4
Bxg4 66. Nxg4 Kf7 67. Bg5 Kg6 68. Bd8 Kf7 69. Nf6 Kg6 70. Ne4 Kf7 71. Bh4 Kg6
72. Ng3 Kg7 73. Kf5 Kf7 74. Bf6 Kg8 75. Ne4 Kh7 76. Kg5 Kg8 77. Kg6 Kf8 78. Nd6
Kg8 79. Be7 Kh8 80. Nf7+ Kg8 81. Nh6+ Kh8 82. Bf6# 1-0

[Event "26. Copenhagen Open  (Politiken Cup)"]
[Site "Taastrup"]
[Date "2004.07.29"]
[Round "7"]
[White "Sandbech, Ted"]
[Black "Kallenbach, Uffe"]
[Result "0-1"]
[WhiteElo "1839"]
[BlackElo "1445"]
[PlyCount "128"]
[EventDate "2004.07.24"]
[EventType "swiss"]
[EventRounds "10"]
[EventCountry "DEN"]
[SourceDate "2004.01.01"]

1. Nf3 c5 2. e4 d6 3. Bc4 Nc6 4. O-O e6 5. d4 cxd4 6. Nxd4 Nf6 7. Nc3 Be7 8.
Bb5 Qc7 9. Qf3 Bd7 10. Nxc6 bxc6 11. Bd3 O-O 12. Bg5 e5 13. h3 Rab8 14. Rab1
Be6 15. b3 Qa5 16. Ne2 d5 17. Ng3 Qd8 18. Nf5 Bxf5 19. Qxf5 Nxe4 20. Bxe7 Qxe7
21. Bxe4 dxe4 22. Qxe4 Qc5 23. Rbc1 f5 24. Qe2 Rbd8 25. Rfd1 e4 26. Rd2 Rxd2
27. Qxd2 Qe5 28. Qe2 Rd8 29. Kf1 Kf8 30. a4 g6 31. Ke1 Qa5+ 32. c3 Rd3 33. Qc2
c5 34. Kf1 Qa6 35. Kg1 Qd6 36. c4 Qd4 37. Qb1 Rd2 38. Rf1 a5 39. Qc1 Ke7 40.
Qe1 f4 41. Kh1 Ke6 42. Qb1 Ke5 43. Kg1 g5 44. Qa1 h5 45. Qxd4+ Kxd4 46. Rc1 e3
47. fxe3+ fxe3 48. Kf1 e2+ 49. Ke1 Rd1+ 50. Rxd1+ exd1=Q+ 51. Kxd1 Kc3 52. Ke2
Kxb3 53. Kf3 Kxc4 54. Ke4 Kb3 55. Kf5 c4 56. Kxg5 c3 57. Kxh5 c2 58. g4 c1=Q
59. g5 Qd1+ 60. Kh4 Qd8 61. Kh5 Qe8+ 62. g6 Kxa4 63. Kg5 Qe3+ 64. Kh4 Qh6+ 0-1

[Event "26. Copenhagen Open  (Politiken Cup)"]
[Site "Taastrup"]
[Date "2004.07.29"]
[Round "7"]
[White "Schmidt, Horst Hubert"]
[Black "Royset, Paal"]
[Result "0-1"]
[WhiteElo "1878"]
[BlackElo "2232"]
[PlyCount "100"]
[EventDate "2004.07.24"]
[EventType "swiss"]
[EventRounds "10"]
[EventCountry "DEN"]
[SourceDate "2004.01.01"]

1. d4 Nf6 2. Nf3 d5 3. c4 e6 4. Nc3 Bb4 5. a3 Bxc3+ 6. bxc3 O-O 7. e3 c5 8. Bd3
Qc7 9. cxd5 cxd4 10. O-O dxc3 11. d6 Qa5 12. e4 Nc6 13. Bg5 Nd7 14. Bc2 e5 15.
Nh4 Nc5 16. Be3 Be6 17. f4 exf4 18. Bxf4 Nd7 19. Qd3 Qc5+ 20. Be3 Nce5 21. Bxc5
Nxd3 22. Bd4 N3e5 23. Bxc3 Rac8 24. Bxe5 Nxe5 25. Rac1 Rc3 26. Nf3 Nc4 27. Nd4
Rd8 28. Nb5 Rxc2 29. Rxc2 Ne3 30. Rc7 Nxf1 31. Kxf1 a6 32. Nc3 Rxd6 33. Rxb7 h6
34. Kf2 Rd2+ 35. Kg1 Rc2 36. Rc7 Bb3 37. Nd5 Ra2 38. Rc8+ Kh7 39. Rc7 f5 40.
Nf6+ Kg6 41. Ne8 fxe4 42. Rxg7+ Kf5 43. Re7 Bd5 44. Nd6+ Kf4 45. g3+ Kf3 46. h4
e3 47. Nf5 Ra1+ 48. Kh2 Kf2 49. Kh3 Bf3 50. Kh2 Rh1# 0-1

[Event "26. Copenhagen Open  (Politiken Cup)"]
[Site "Taastrup"]
[Date "2004.07.29"]
[Round "7"]
[White "Schonberg, Pauli"]
[Black "Hansen, John Laurids"]
[Result "1-0"]
[WhiteElo "1421"]
[BlackElo "1688"]
[PlyCount "55"]
[EventDate "2004.07.24"]
[EventType "swiss"]
[EventRounds "10"]
[EventCountry "DEN"]
[SourceDate "2004.01.01"]

1. e4 e5 2. Nf3 Nc6 3. Bc4 Nf6 4. Ng5 d5 5. exd5 Nxd5 6. Qf3 Qxg5 7. Bxd5 Nd8
8. O-O Bg4 9. Qb3 c6 10. Bf3 Be6 11. Qe3 Qf6 12. Re1 Bd6 13. Nc3 Bc7 14. Ne4
Qe7 15. d3 O-O 16. Ng3 f5 17. Qe2 Bd5 18. Bxd5+ cxd5 19. f4 Qc5+ 20. Be3 d4 21.
Bd2 exf4 22. Nh5 f3 23. Qxf3 Qxc2 24. Bb4 Ne6 25. Bxf8 Ng5 26. Qd5+ Kxf8 27.
Qxf5+ Nf7 28. Rf1 1-0

[Event "26. Copenhagen Open  (Politiken Cup)"]
[Site "Taastrup"]
[Date "2004.07.29"]
[Round "7"]
[White "Skjoldan, Benjamin"]
[Black "Jensen, Brian W"]
[Result "1-0"]
[WhiteElo "2080"]
[BlackElo "1623"]
[PlyCount "71"]
[EventDate "2004.07.24"]
[EventType "swiss"]
[EventRounds "10"]
[EventCountry "DEN"]
[SourceDate "2004.01.01"]

1. d4 d5 2. c4 c6 3. g3 Bf5 4. Bg2 e6 5. Nf3 Nf6 6. O-O h6 7. Nc3 dxc4 8. Ne5
Bd6 9. Nxc4 Bc7 10. h3 O-O 11. e4 Bh7 12. Be3 Kh8 13. Qe2 b5 14. Nd2 Bb6 15.
Rfd1 b4 16. Na4 Nbd7 17. Rac1 Rc8 18. Kh2 Re8 19. f4 Qe7 20. Bf2 Bg6 21. Nc4
Bc7 22. Ne5 Bxe5 23. dxe5 Ng8 24. Qa6 Nb8 25. Qa5 a6 26. Bc5 Qb7 27. Nb6 Rcd8
28. Rd6 Rxd6 29. exd6 Nf6 30. Rc4 Nfd7 31. Rxb4 Nxb6 32. Rxb6 Qd7 33. e5 Bd3
34. Qb4 Qc8 35. Rb7 Rd8 36. Rc7 1-0

[Event "26. Copenhagen Open  (Politiken Cup)"]
[Site "Taastrup"]
[Date "2004.07.29"]
[Round "7"]
[White "Skovgaard, Tom"]
[Black "Ziska, Helgi Dam"]
[Result "0-1"]
[WhiteElo "2079"]
[BlackElo "1604"]
[PlyCount "124"]
[EventDate "2004.07.24"]
[EventType "swiss"]
[EventRounds "10"]
[EventCountry "DEN"]
[SourceDate "2004.01.01"]

1. e4 c5 2. Nf3 d6 3. d4 cxd4 4. Nxd4 Nf6 5. Nc3 a6 6. a4 Nc6 7. Nb3 b6 8. Bd3
e6 9. f4 Bb7 10. Qf3 Qc7 11. Be3 d5 12. Qf2 Ng4 13. Qe2 Nxe3 14. Qxe3 d4 15.
Nxd4 Bc5 16. Nce2 Rd8 17. c3 e5 18. fxe5 Qxe5 19. Rd1 O-O 20. Qf4 Qxf4 21. Nxf4
Nxd4 22. cxd4 Rxd4 23. Nd5 Rxa4 24. Nc3 Rb4 25. Rd2 Rd8 26. Ke2 f5 27. Bc4+
Rxc4 28. Rxd8+ Bf8 29. exf5 Rb4 30. Nd1 Bxg2 31. Rg1 Bc6 32. f6 g6 33. f7+ Kg7
34. Kd2 Rf4 35. Rc8 Bd7 36. Ra8 a5 37. Rb8 Rxf7 38. Rg2 Bc6 39. Rg4 Rd7+ 40.
Kc2 Rxd1 41. Rxb6 Rd6 42. Rb8 Bd7 43. Rb7 Kf6 44. Rf4+ Bf5+ 45. Kb3 h5 46. h4
Bh6 47. Ra4 Bd2 48. Ra1 Bd3 49. Rd1 Bb4 50. Rc1 Be4 51. Rf1+ Bf5 52. Rb8 Rd4
53. Rh1 Rd2 54. Rb6+ Kg7 55. Rb7+ Kh6 56. Rc1 Rd4 57. Rcc7 Rxh4 58. Rh7+ Kg5
59. Rb5 Rh1 60. Rb8 Rc1 61. Rbh8 Be6+ 62. Ka4 Bc4 0-1

[Event "26. Copenhagen Open  (Politiken Cup)"]
[Site "Taastrup"]
[Date "2004.07.29"]
[Round "7"]
[White "Soupizon, Remi"]
[Black "Pozzo, Sebastian"]
[Result "1-0"]
[WhiteElo "2003"]
[BlackElo "1650"]
[PlyCount "39"]
[EventDate "2004.07.24"]
[EventType "swiss"]
[EventRounds "10"]
[EventCountry "DEN"]
[SourceDate "2004.01.01"]

1. e4 e6 2. d4 c5 3. Nf3 cxd4 4. Nxd4 Nf6 5. Nc3 Bb4 6. Bd3 d5 7. Bg5 dxe4 8.
Bxe4 Qa5 9. Bxf6 Bxc3+ 10. bxc3 Qxc3+ 11. Qd2 Qxa1+ 12. Ke2 Qb2 13. Bxg7 Rg8
14. Nf5 Qb5+ 15. Bd3 Qd7 16. Nd6+ Kd8 17. Bf6+ Kc7 18. Nb5+ Kc6 19. Qc3+ Kd5
20. Qc4# 1-0

[Event "26. Copenhagen Open  (Politiken Cup)"]
[Site "Taastrup"]
[Date "2004.07.29"]
[Round "7"]
[White "Svanholm, Borge Waaktaar"]
[Black "Larsen, Allan"]
[Result "0-1"]
[WhiteElo "2052"]
[BlackElo "2158"]
[PlyCount "74"]
[EventDate "2004.07.24"]
[EventType "swiss"]
[EventRounds "10"]
[EventCountry "DEN"]
[SourceDate "2004.01.01"]

1. c4 g6 2. g3 Bg7 3. Bg2 d6 4. Nf3 e5 5. d3 Nc6 6. Nc3 f5 7. Rb1 Nf6 8. O-O
O-O 9. b4 h6 10. b5 Ne7 11. Qb3 Kh7 12. c5 g5 13. cxd6 cxd6 14. Ba3 Ng6 15.
Rfc1 Ne8 16. Nd2 g4 17. Nc4 f4 18. Qb4 f3 19. exf3 gxf3 20. Bh1 Nf4 21. Rd1 e4
22. gxf4 Rxf4 23. Nxe4 Rxe4 24. dxe4 Qg5+ 25. Kf1 Bh3+ 26. Ke1 Qg1+ 27. Kd2
Qxf2+ 28. Kc1 Rc8 29. Rb3 Be6 30. Qd2 Rxc4+ 31. Kb1 Qb6 32. Bb2 f2 33. Bxg7
Nxg7 34. Bg2 Qc5 35. Rb2 Qa3 36. Qxf2 Rc3 37. Rc1 Bxa2+ 0-1